Real esports team - Statistics

General Stats
  • This quiz has been taken 144 times
  • The average score is 18 of 52
Answers on the Grid
Answers color-coded by a green-red scale on the quiz's grid according to % correct below.
JvstKiddin Evil
G2 Esports
4AM
BlastHunter
Team EXVR
SK Gaming
SLB Espors
Virtus.pro
TNC
RRQ
ONIC
FNATIC
Dragon Tamer
Knockout100
Paper Rex
Gen.G
Gen.Z
ThousanMillenium
Sentinel
Heroic
De Villain Starboy
Blacklist International
VapeEsports
Whitelist Gaming
Heaven2Visit
T1
Team Vamos
Underrated Gaming
The Italic
OG Esports
Theonly Crystal
Kraii Absolute
Red Slangor Giants
EVOS
Sagittarius
Zero Tenacity
Team Liquid
100Thieves
mibr
Team Bravo
WeConnecTT
FURIA
Most Wanted
The Mongolz
Enchanter Team
500
Neutralis
Astralis
B8
ProudProdigy
Falcons
Dewa United
M80
BRANZ
APBR
karlebb Esports
Shanghai Generations
Bigetron
Ninjas In Pyjamas
Homebois
Be1
BC.Gaming
farmskins esports
KING7
Moscow Gamer
Chicken Pridee
Easter Gaming
Fluxo
Team ForteZ
nxl>
djarum Esports
hUNTEROO
4Sehat 5Sempurna
SIGMA GAMERS
Team Zigma
Agharta
Marvellous
4Lovenn
TEAM KRNL
AMKAL
BTF
Nemiga
onvictus Gamer
Team Axioo
NusaForce
Lynn Vision
Headshot Esports
HvH Gamer
iBUYPOWER
2UK Esports
Cloud9
TEMP-BEER Gaming
North Monkeys
9INE
jangan pilih aku tam
Nouns
Ariq bilang nama timnya OP Gamer aja
Invictus Gaming
Natus Vincere
Tyloo Esports
 
Answer Stats
Answer % Correct
G2 Esports
93%
FNATIC
77%
Gen.G
76%
SK Gaming
75%
Virtus.pro
72%
Team Liquid
65%
T1
64%
100Thieves
61%
Sentinel
61%
FURIA
59%
Astralis
55%
OG Esports
55%
Falcons
53%
Heroic
53%
Cloud9
52%
mibr
52%
Natus Vincere
51%
Paper Rex
51%
The Mongolz
51%
Ninjas In Pyjamas
48%
M80
45%
RRQ
40%
Tyloo Esports
40%
Invictus Gaming
37%
iBUYPOWER
36%
9INE
32%
B8
32%
BC.Gaming
31%
Fluxo
28%
Lynn Vision
28%
EVOS
27%
Zero Tenacity
27%
Nemiga
25%
4AM
23%
ONIC
20%
Blacklist International
15%
500
13%
TNC
13%
AMKAL
12%
Team Vamos
12%
Bigetron
11%
Nouns
11%
Red Slangor Giants
11%
Dewa United
7%
APBR
5%
Homebois
5%
Team ForteZ
5%
nxl>
4%
Team Zigma
4%
Headshot Esports
3%
KING7
3%
4Sehat 5Sempurna
1%
No matching quizzes found
Score Distribution
Percent of People with Each Score
Percentile by Number Answered
Your Score History
You have not taken this quiz